Estadísticas para Países de Asia en un Minuto

Haz click aquí para tomar la prueba!

Estadísticas generales

  • Esta prueba ha sido tomada 6,762 veces
  • La puntuación promedio es 24 de 48

Estadísticas de respuestas

País % Correcto
China
95%
India
88%
Japón
83%
Mongolia
79%
Irán
74%
Irak
72%
Turquía
67%
Omán
65%
Indonesia
64%
Yemen
64%
Corea del Sur
62%
Kazajistán
61%
Arabia Saudita
61%
Corea del Norte
60%
Nepal
60%
Pakistán
59%
Vietnam
56%
Tailandia
55%
Laos
54%
Siria
53%
Afganistán
53%
Israel
53%
Filipinas
50%
Malasia
49%
Catar
47%
Camboya
47%
Jordania
45%
Bután
45%
Myanmar
43%
Taiwán
42%
Sri Lanka
40%
Emiratos Árabes
Unidos
39%
Líbano
39%
Armenia
38%
Uzbekistán
37%
Kuwait
37%
Bangladés
36%
Georgia
36%
Kirguistán
34%
Chipre
33%
Turkmenistán
33%
Azerbaiyán
33%
Singapur
30%
Tayikistán
29%
Brunéi
28%
Baréin
28%
Maldivas
20%
Timor Oriental
14%

Distribución de puntuación

Porcentaje por número respondido

Porcentaje de gente con cada puntuación

Historial de tus puntuaciones

No has tomado esta prueba